The UK in the 20th Century: 1990 Quiz Stats

Quiz not verified by Sporcle

Challenge
Share
Tweet
Embed
Score 0/21 Timer 08:00
0 Plays Today
Clue Answer % Correct
This Rowan Atkinson character makes his debut in a Thames Television special.Mr Bean
98.6%
This man is elected leader of the Conservative Party after the resignation of Margaret Thatcher 5 days earlier, following her failure to win outright a leadership contest.John Major
85.7%
Workers on this continental link from the UK and France meet 40 metres below the seabed of the English Channel, establishing the first land connection for 8,000 years.Channel Tunnel
84.8%
This German supermarket opens its first store in Stechford, Birmingham.Aldi
83.4%
200,000 protestors riot in London against the implementation of this controversial tax, due to be carried out next week.Community Charge
77.4%
The 9-month-old daughter of the Duke and Duchess of York, their second child, is given this name.Eugenie Victoria Helena
68.2%
British agriculture minister John Gummer feeds this item of food to his 5 year old daughter to combat fears of the spread of BSE and its transmission to humans.Hamburger
62.2%
This budget shop chain opens its first premises in Burton upon Trent, Staffordshire.Poundland
61.8%
A riot breaks out at this Manchester prison, and will last until 25th April.Strangeways
61.3%
This snooker player becomes the youngest ever world champion.Stephen Hendry
61.3%
This ITV children's show, featuring the antics of a pair of ragdolls living on a canal boat, first airs.Rosie and Jim
55.3%
Clue Answer % Correct
This Arsenal and England defender is sentenced to 4 months in prison for drink-driving.Tony Adams
54.8%
This political party, beaten by the Monster Raving Loony Party in a by-election 9 days ago, is wound up after 9 years of existence.Social Democratic Party
47.5%
This year's heatwave peaks with a temperature of 37.1 °C recorded in this Gloucestershire town.Cheltenham
32.7%
The Pound Sterling joins this European currency system, aimed at achieving monetary stability in Europe and reducing variability across different currencies.Exchange Rate Mechanism
32.7%
This Act, regarding the illegal disclosure of information or documents related to security or intelligence and the consequences of doing so, comes into force.Official Secrets Act 1989
31.8%
Four men are found guilty of attempting to fix the price of shares in this drinks company.Guinness
26.3%
After nearly 150 years of coalmining, the last coalmine closes in this area of south Wales.Rhondda
25.8%
Girobank Plc is privatised by sale to this building society group.Alliance & Leicester
21.7%
A storm on this day kills 39 people and causes over £3 billion worth of damage.Burns Day
12%
An IRA bomb explodes at this tower in London.Stock Exchange Tower
7.8%

You're not logged in!

Compare scores with friends on all Sporcle quizzes.
Sign Up with Email
OR
Log In

You Might Also Like...

Show Comments

Extras

Top Quizzes Today


Score Distribution

Your Account Isn't Verified!

In order to create a playlist on Sporcle, you need to verify the email address you used during registration. Go to your Sporcle Settings to finish the process.